Bullismo : le azioni efficaci della scuola : percorsi italiani alla prevenzione e all'intervento /

Uloženo v:
Podrobná bibliografie
Další autoři: Menesini, Ersilia
Médium: Kniha
Jazyk:italština
Vydáno: Gardolo : Erickson, [2003]
Edice:Guide per l'educazione
Témata:
Tagy: Přidat tag
Žádné tagy, Buďte první, kdo vytvoří štítek k tomuto záznamu!

MARC

LEADER 00000nam a22000007i 4500
001 IT\ICCU\LO1\0742390
003 ItRI
005 20260115231932.0
008 030408s2003 it |||||| ||||| |||||c
020 |a 8879465139 
020 |a 9788879465137 (Rist. 2007) 
040 |b ita  |c importazione bologna sebina 
041 7 |a ita  |2 ISO-639-2 
082 |a 371.58  |9 PROBLEMI DISCIPLINARI SCOLASTICI  |2 19 
082 |a 371.58  |9 SPECIFICI PROBLEMI DISCIPLINARI SCOLASTICI  |2 21 
130 0 |a Bullismo  |3 IT\ICCU\VIA\0574437 
245 0 0 |a Bullismo :  |b le azioni efficaci della scuola : percorsi italiani alla prevenzione e all'intervento /  |c Ersilia Menesini (a cura di). 
260 |a Gardolo :  |b Erickson,  |c [2003] 
300 |a 198 p. :  |b ill. ;  |c 24 cm. 
650 7 |a Aggressività  |x Infanzia  |2 scbi 
650 7 |a Alunni  |x Comportamento 
700 1 |a Menesini, Ersilia  |0 IT\ICCU\LO1V\171878 
830 0 |a Guide per l'educazione  |0 IT\ICCU\BVE\0073558 
942 |2 ddc  |c BK  |n 0 
952 |0 0  |1 0  |4 0  |6 DOC_302_343000000000000_MEN  |7 0  |9 17099  |a BO  |b BO  |d 2026-01-15  |i 19202  |l 0  |o DOC 302.343 MEN  |p BO19202  |r 2026-01-15 23:19:32  |w 2026-01-15  |x [Sebina 5] [1 v.]  |y BK  |z 1 v. 
999 |c 14599  |d 14599